अनुच्छेद 370; (Record no. 198550)
[ view plain ]
| 000 -LEADER | |
|---|---|
| fixed length control field | 00966nam a22002057a 4500 |
| 005 - DATE AND TIME OF LATEST TRANSACTION | |
| control field | 20231108142909.0 |
| 010 ## - LCCN (DPL NO) | |
| LC control number | HIN-126075 |
| 020 ## - INTERNATIONAL STANDARD BOOK NUMBER | |
| International Standard Book Number | 9789393285065 |
| Terms of availability | 795.00 |
| 035 ## - SYSTEM CONTROL NUMBER | |
| System control number | HN-98421 |
| 037 ## - SOURCE OF ACQUISITION | |
| Source of stock number/acquisition | DBAD/PUB |
| 082 ## - DEWEY DECIMAL CLASSIFICATION NUMBER | |
| Classification number | 342.546 |
| 100 ## - MAIN ENTRY--PERSONAL NAME | |
| Personal name | दिलीप कुमार |
| 245 ## - TITLE STATEMENT | |
| Title | अनुच्छेद 370; |
| Remainder of title | भूत, वर्तमान और भविष्य / |
| Statement of responsibility, etc | दिलीप कुमार,स्मृति त्रिपाठी और जसकिरन कौर |
| 260 ## - PUBLICATION, DISTRIBUTION, ETC. (IMPRINT) | |
| Place of publication, distribution, etc | नई दिल्ली |
| Name of publisher, distributor, etc | शिवांक प्रकाशन |
| Date of publication, distribution, etc | 2022 |
| 270 ## - ADDRESS | |
| Address | 12-B,गोला कॉटेज,अंसारी रोड,दरियागंज |
| City | दिल्ली |
| Postal code | 110002 |
| 300 ## - PHYSICAL DESCRIPTION | |
| Extent | 123p. |
| Dimensions | 23cm(सजिल्द ) |
| 700 ## - ADDED ENTRY--PERSONAL NAME | |
| Personal name | त्रिपाठी,स्मृति |
| 9 (RLIN) | 57445 |
| 700 ## - ADDED ENTRY--PERSONAL NAME | |
| Personal name | कौर,जसकिरन |
| 9 (RLIN) | 57446 |
| 942 ## - ADDED ENTRY ELEMENTS (KOHA) | |
| Source of classification or shelving scheme | Dewey Decimal Classification |
| Item type | Hindi Books |
| Classification part | 342.546 |
| Call number prefix | दिलीप |
| Withdrawn status | Lost status | Not for loan | Collection code | Home library | Current library | Date acquired | Source of acquisition | Cost, normal purchase price | Full call number | Barcode | Copy number | Cost, replacement price | Koha item type |
|---|---|---|---|---|---|---|---|---|---|---|---|---|---|
| Non-fiction | D.B.Act.Division | Mobile Library | 26/09/2023 | DBAD/PUB | 795.00 | 342.546 | HN-98421 | 1 | 795.00 | Hindi Books |
